NFL Superbowl/Championship Winners - Statistics

General Stats
  • This quiz has been taken 235 times
  • The average score is 32 of 106
Answer Stats
Hint Answer % Correct
2025 Philadelphia Eagles
100%
2024 Kansas City Chiefs
99%
2023 Kansas City Chiefs
99%
2022 Los Angeles Rams
94%
2020 Kansas City Chiefs
93%
2021 Tampa Bay Buccaneers
93%
2019 New England Patriots
90%
2017 New England Patriots
89%
2018 Philadelphia Eagles
87%
2015 New England Patriots
84%
2016 Denver Broncos
83%
2014 Seattle Seahawks
73%
2013 Baltimore Ravens
66%
2011 Green Bay Packers
62%
2012 New York Giants
61%
2010 New Orleans Saints
60%
2009 Pittsburgh Steelers
56%
2005 New England Patriots
55%
2008 New York Giants
55%
2004 New England Patriots
54%
2007 Indianapolis Colts
51%
2002 New England Patriots
51%
2006 Pittsburgh Steelers
47%
2000 St. Louis Rams
42%
2003 Tampa Bay Buccaneers
42%
2001 Baltimore Ravens
41%
1994 Dallas Cowboys
39%
1993 Dallas Cowboys
38%
1996 Dallas Cowboys
37%
1995 San Francisco 49ers
37%
1986 Chicago Bears
35%
1985 San Francisco 49ers
35%
1990 San Francisco 49ers
34%
1989 San Francisco 49ers
34%
1999 Denver Broncos
33%
1998 Denver Broncos
33%
1967 Green Bay Packers
33%
1991 New York Giants
33%
1992 Washington Redskins
33%
1982 San Francisco 49ers
32%
1997 Green Bay Packers
31%
1968 Green Bay Packers
31%
1969 New York Jets
31%
1984 Los Angeles Raiders
30%
1987 New York Giants
30%
1976 Pittsburgh Steelers
30%
1981 Oakland Raiders
29%
1979 Pittsburgh Steelers
29%
1975 Pittsburgh Steelers
29%
1988 Washington Redskins
29%
1978 Dallas Cowboys
28%
1970 Kansas City Chiefs
28%
1977 Oakland Raiders
28%
1980 Pittsburgh Steelers
28%
1974 Miami Dolphins
27%
1973 Miami Dolphins
27%
1983 Washington Redskins
26%
1972 Dallas Cowboys
25%
1966 Green Bay Packers
25%
1971 Baltimore Colts
24%
1965 Green Bay Packers
22%
1962 Green Bay Packers
19%
1961 Green Bay Packers
17%
1963 Chicago Bears
13%
1964 Cleveland Browns
13%
1955 Cleveland Browns
11%
1950 Cleveland Browns
11%
1954 Cleveland Browns
10%
1957 Detroit Lions
10%
1944 Green Bay Packers
10%
1939 Green Bay Packers
10%
1936 Green Bay Packers
10%
1931 Green Bay Packers
10%
1953 Detroit Lions
9%
1929 Green Bay Packers
9%
1956 New York Giants
9%
1946 Chicago Bears
8%
1943 Chicago Bears
8%
1941 Chicago Bears
8%
1940 Chicago Bears
8%
1933 Chicago Bears
8%
1952 Detroit Lions
8%
1930 Green Bay Packers
8%
1960 Philadelphia Eagles
8%
1958 Baltimore Colts
7%
1932 Chicago Bears
7%
1951 Los Angeles Rams
7%
1959 Baltimore Colts
6%
1949 Philadelphia Eagles
6%
1935 Detroit Lions
5%
1948 Philadelphia Eagles
5%
1938 New York Giants
4%
1934 New York Giants
4%
1927 New York Giants
4%
1920 Akron Pros
3%
1942 Washington Redskins
3%
1937 Washington Redskins
3%
1923 Canton Bulldogs
1%
1922 Canton Bulldogs
1%
1947 Chicago Cardinals
1%
1925 Chicago Cardinals
1%
1921 Chicago Staleys
1%
1945 Cleveland Rams
1%
1926 Frankford Yellow Jackets
1%
1928 Providence Steam Roller
1%
1924 Cleveland Bulldogs
0%
No matching quizzes found
Score Distribution
Percent of People with Each Score
Percentile by Number Answered
Your Score History
You have not taken this quiz